Changing the terms of the lease (Record no. 64427)

MARC details
000 -LEADER
fixed length control field 00761cam a2200229 4500
001 - CONTROL NUMBER
control field ABS62754
008 - FIXED-LENGTH DATA ELEMENTS--GENERAL INFORMATION
fixed length control field 000000n2000 000 0 eng u
035 ## - SYSTEM CONTROL NUMBER
System control number (Sirsi) u107854
100 ## - MAIN ENTRY--PERSONAL NAME
Personal name Ryan, J.
245 ## - TITLE STATEMENT
Title Changing the terms of the lease
260 ## - PUBLICATION, DISTRIBUTION, ETC.
Date of publication, distribution, etc. 2000
490 ## - SERIES STATEMENT
Series statement Retail Week
Volume/sequential designation 28 July 2000, 26-27(2)
520 ## - SUMMARY, ETC.
Summary, etc. Looks at the alternatives to the traditional upwards-only lease. Retailers in particular are reluctant to commit themselves to 25-year terms and are starting to demand more flexibility in their lease agreements.
590 ## - LOCAL NOTE (RLIN)
Local note ABS
650 ## - SUBJECT ADDED ENTRY--TOPICAL TERM
Topical term or geographic name entry element RETAILERS
650 ## - SUBJECT ADDED ENTRY--TOPICAL TERM
Topical term or geographic name entry element COMMERCIAL LEASES
650 ## - SUBJECT ADDED ENTRY--TOPICAL TERM
Topical term or geographic name entry element RENT REVIEWS
650 ## - SUBJECT ADDED ENTRY--TOPICAL TERM
Topical term or geographic name entry element LONG LEASES
650 ## - SUBJECT ADDED ENTRY--TOPICAL TERM
Topical term or geographic name entry element LEASE TERMS
690 ## - LOCAL SUBJECT ADDED ENTRY--TOPICAL TERM (OCLC, RLIN)
Topical term or geographic name as entry element LANDLORD AND TENANT-LEASES
942 ## - ADDED ENTRY ELEMENTS (KOHA)
Suppress in OPAC 0
Holdings
Withdrawn status Lost status Source of classification or shelving scheme Damaged status Not for loan Home library Current library Shelving location Date acquired Total Checkouts Full call number Barcode Date last seen Copy number Price effective from Koha item type
    Dewey Decimal Classification     London London Journal article 17/08/2000   ABS62754 107854-1001 06/08/2019 1 06/08/2019 Journal article